Klastre a ich ekonomické prínosy diplomová práca

Guardado en:
Detalles Bibliográficos
Autor principal: Nedomová, Lucia
Autor Corporativo: Podnikovohospodárska fakulta EU so sídlom v Košiciach. Katedra účtovníctva a financií
Otros Autores: Freňáková, Magdaléna, 1981-
Formato: Libro
Lenguaje:eslovaco
Publicado: Košice 2013
Etiquetas: Agregar Etiqueta
Sin Etiquetas, Sea el primero en etiquetar este registro!

MARC

LEADER 00000nbm a2200000 4500
001 0170162
005 20170315090436.4
041 0 |a slo 
044 |a SK 
245 1 0 |a Klastre a ich ekonomické prínosy  |b diplomová práca  |c Lucia Nedomová ; školiteľ: Magdaléna Freňáková 
264 1 |a Košice  |c 2013 
300 |a 83 s. 
100 1 |a Nedomová, Lucia 
700 1 |a Freňáková, Magdaléna, 1981- 
710 2 |a Podnikovohospodárska fakulta EU so sídlom v Košiciach. Katedra účtovníctva a financií